| 000 | 01630cam a2200361 a 4500 | ||
|---|---|---|---|
| 999 |
_c329213 _d329213 |
||
| 001 | 15055212 | ||
| 003 | Nust | ||
| 005 | 20170426170305.0 | ||
| 008 | 071023s2008 nyu b 001 0 eng | ||
| 010 | _a 2007044108 | ||
| 020 | _a9781416567844 | ||
| 020 | _a1416567844 | ||
| 035 | _a(OCoLC)ocn177069367 | ||
| 035 |
_a(OCoLC)177069367 _z(OCoLC)166390902 |
||
| 040 |
_aDLC _cDLC _dIG# _dBTCTA _dBAKER _dYDXCP _dWIQ _dDLC |
||
| 043 | _ae------ | ||
| 050 | 0 | 0 |
_aD741 _b.B255 2008 |
| 082 | 0 | 0 |
_a940.5311 _222 _bBAK |
| 100 | 1 | _aBaker, Nicholson. | |
| 245 | 1 | 0 |
_aHuman smoke : _bthe beginnings of World War II, the end of civilization / _cNicholson Baker. |
| 250 | _a1st Simon & Schuster hardcover ed. | ||
| 260 |
_aNew York : _bSimon & Schuster, _c2008. |
||
| 300 |
_a566 p. ; _c25 cm. |
||
| 504 | _aIncludes bibliographical references (p. [529]-545) and index. | ||
| 650 | 0 |
_aWorld War, 1939-1945 _xCauses. |
|
| 650 | 0 |
_aJews _xPersecutions _zEurope _xHistory. |
|
| 856 | 4 | 2 |
_3Publisher description _uhttp://www.loc.gov/catdir/enhancements/fy0808/2007044108-d.html |
| 856 | 4 | 1 |
_3Sample text _uhttp://www.loc.gov/catdir/enhancements/fy0809/2007044108-s.html |
| 856 | 4 | 2 |
_3Contributor biographical information _uhttp://www.loc.gov/catdir/enhancements/fy0901/2007044108-b.html |
| 856 | 4 | 2 |
_3Book review (H-Net) _uhttp://www.h-net.org/reviews/showrev.php?id=23125 |
| 906 |
_a7 _bcbc _corignew _d1 _eecip _f20 _gy-gencatlg |
||
| 942 |
_2ddc _cBK |
||